000 00437nam a2200145Ia 4500
008 230917s9999||||xx |||||||||||||| ||und||
040 _e44124
_aMAIN
041 _aEnglish
082 _a491.22 B469S
100 _aBhattacharya, Bishnupada
245 0 _aStudy in language and meaning: A critical examination of some aspects of Indian semantics
260 _aCalcutta
_bSanskrit Pustak Bhandar
_c1984
300 _ax, 165 p.
942 _cBK
999 _c54262
_d54262